Statistiques concernant Les 8 départements composant la région Bourgogne-Franche Comté

Cliquez ici pour prendre le quiz!

Statistiques générales

  • Ce quiz a été pris 101 fois
  • Le résultat moyen est 7 sur 8

Statistiques - réponses

Départements% Correct
Jura
91%
Côte d'Or
86%
Doubs
84%
Saône et Loire
84%
Territoire de Belfort
81%
Yonne
81%
Nièvre
76%
Haute Saône
74%

Distribution des résultats

Percentile par nombre de réponses

% des personnes avec chaque résultat

Votre développement - résultats

Vous n’avez pas pris ce quiz